[Event "Junior Online 4NCL Division 4"]
[Site "online"]
[Date "2021.09.02"]
[EventDate "2021.09.02"]
[Round "2.37"]
[White "Crichton, Finlay"]
[WhiteElo "1012"]
[WhiteTeam "Muswell Hill Knights"]
[Black "Bagga, Khushi"]
[BlackElo "1071"]
[BlackTeam "Young Dragons C"]
[Result "0-1"]
[PlyCount "90"]

1. e4 e5 2. Nf3 Nc6 3. Nc3 Nf6 4. Bb5 Nd4 5. Nxe5 Nxb5 6. Nxb5 d6 7. Nf3 Nxe4 8. Qe2 Qe7 9. d3 a6 10. Nxc7+ Qxc7 11. Qxe4+ Be7 12. Qc4 Qb6 13. Be3 Qa5+ 14. Bd2 Qf5 15. O-O O-O 16. Rfe1 Bf6 17. Bc3 Bxc3 18. Qxc3 Qg6 19. Nh4 Qg5 20. Nf3 Qh5 21. Qc7 d5 22. Qe5 Qg6 23. g3 Be6 24. Qg5 Qxg5 25. Nxg5 Bd7 26. Re5 Bc6 27. c4 dxc4 28. dxc4 h6 29. Ne4 f5 30. Nd6 Rad8 31. Nxf5 Rd2 32. Ne7+ Kh7 33. f4 Rxb2 34. Nxc6 bxc6 35. Re6 Rd8 36. Rxc6 Rdd2 37. h4 Rg2+ 38. Kf1 Rxg3 39. Rxa6 Rh3 40. Kg1 Rxh4 41. c5 Rxf4 42. c6 Rg4+ 43. Kf1 Rf4+ 44. Ke1 Rh4 45. Rb1 Rh1# 0-1

[Event "Junior Online 4NCL Division 4"]
[Site "online"]
[Date "2021.09.02"]
[EventDate "2021.09.02"]
[Round "2.38"]
[White "Swartz, Edward RG"]
[WhiteElo "1013"]
[WhiteTeam "Young Dragons C"]
[Black "Gelmini, Leonardo"]
[BlackElo "952"]
[BlackTeam "Muswell Hill Knights"]
[Result "1-0"]
[PlyCount "21"]

1. d4 f5 2. c4 b6 3. Nc3 Bb7 4. Nf3 Nf6 5. Bg5 e6 6. a3 Be7 7. e3 h6 8. Bxf6 Bxf6 9. Ne5 d6 10. Qh5+ Ke7 11. Qf7# 1-0

[Event "Junior Online 4NCL Division 4"]
[Site "online"]
[Date "2021.09.02"]
[EventDate "2021.09.02"]
[Round "2.41"]
[White "Quillaud, Maxime"]
[WhiteElo "1420"]
[WhiteTeam "Desert Penguins Jupiter"]
[Black "Ciutac, Stefan"]
[BlackElo "1080"]
[BlackTeam "Chess Challengers E"]
[Result "1-0"]
[PlyCount "121"]

1. d4 d6 2. c4 g6 3. e4 Bg7 4. Nf3 e5 5. dxe5 dxe5 6. Qxd8+ Kxd8 7. Bg5+ f6 8. Bh4 Ne7 9. Be2 Ke8 10. O-O Kf7 11. Nc3 Rd8 12. Rfd1 Nbc6 13. Rxd8 Nxd8 14. Rd1 Ndc6 15. Nd5 Nxd5 16. cxd5 Nb4 17. a3 Nc2 18. Rd2 Nd4 19. Nxd4 exd4 20. Rxd4 f5 21. Rb4 fxe4 22. Rxe4 Bf8 23. Bc4 Bd6 24. h3 Bf5 25. Re2 h6 26. Re3 a6 27. b4 b5 28. Ba2 Rc8 29. Rf3 Kg7 30. Kf1 c6 31. Rc3 Be4 32. f3 g5 33. Bf2 Bc7 34. fxe4 Be5 35. Rxc6 Rxc6 36. dxc6 Bc7 37. Bd4+ Kf8 38. Bc5+ Kg7 39. Kf2 Kf6 40. Bd4+ Kg6 41. Kf3 h5 42. Bd5 Kh6 43. g4 hxg4+ 44. Kxg4 Kg6 45. h4 gxh4 46. Kxh4 a5 47. bxa5 Bxa5 48. Be5 Bd8+ 49. Kg4 Bb6 50. c7 Bxc7 51. Bxc7 Kf6 52. e5+ Ke7 53. Bd6+ Kd7 54. Kf5 Kd8 55. e6 Kc8 56. Kf6 Kd8 57. Bc6 b4 58. axb4 Kc8 59. Kf7 Kd8 60. e7+ Kc8 61. e8=R# 1-0

[Event "Junior Online 4NCL Division 4"]
[Site "online"]
[Date "2021.09.02"]
[EventDate "2021.09.02"]
[Round "2.42"]
[White "Chavan, Aarav"]
[WhiteElo "1065"]
[WhiteTeam "Chess Challengers E"]
[Black "Tengayev, Arman"]
[BlackElo "1314"]
[BlackTeam "Desert Penguins Jupiter"]
[Result "0-1"]
[PlyCount "64"]

1. e4 c5 2. Nf3 d6 3. Bc4 e6 4. d4 cxd4 5. Nxd4 Nf6 6. Nc3 Be7 7. Be3 O-O 8. Qe2 a6 9. O-O-O b5 10. Bb3 Bb7 11. f3 Nbd7 12. g4 Nb6 13. h4 Rc8 14. g5 Nfd7 15. g6 Nc4 16. gxh7+ Kh8 17. Bxc4 Rxc4 18. Rdg1 Bf6 19. Bg5 Rxd4 20. Bxf6 Qxf6 21. h5 Qh6+ 22. Kb1 Ne5 23. Qf2 Rc4 24. Qb6 Bc6 25. Qxa6 Nxf3 26. Rd1 Nd2+ 27. Ka1 Nxe4 28. Nxe4 Bxe4 29. Qxb5 Bxh1 30. Qxc4 Bd5 31. Qc6 Bxc6 32. Rxd6 Qc1# 0-1

[Event "Junior Online 4NCL Division 4"]
[Site "online"]
[Date "2021.09.02"]
[EventDate "2021.09.02"]
[Round "2.43"]
[White "Dane, James"]
[WhiteElo "1248"]
[WhiteTeam "Desert Penguins Jupiter"]
[Black "Moiseev, Mikhail"]
[BlackElo "1070"]
[BlackTeam "Chess Challengers E"]
[Result "0-1"]
[PlyCount "98"]

1. d4 d5 2. c4 dxc4 3. e3 Be6 4. Nc3 Nc6 5. d5 Bxd5 6. Nxd5 e6 7. Nc3 Nb4 8. Qxd8+ Rxd8 9. Ke2 Nc2 10. Rb1 Nb4 11. a3 Nc6 12. Ke1 Nf6 13. Bxc4 Ne5 14. Be2 Bc5 15. b4 Bb6 16. Bb2 O-O 17. Rd1 Rxd1+ 18. Bxd1 Rd8 19. Bf3 Nxf3+ 20. Nxf3 c6 21. Ke2 Ng4 22. Rd1 Re8 23. h3 Nf6 24. Kf1 h6 25. Kg1 a5 26. bxa5 Bxa5 27. Nd4 Bxc3 28. Bxc3 Ne4 29. Bb4 c5 30. f3 cxb4 31. fxe4 bxa3 32. Ra1 Ra8 33. Nc2 a2 34. Nb4 f5 35. exf5 exf5 36. Rxa2 Re8 37. Ra7 Rxe3 38. Rxb7 Re1+ 39. Kh2 g5 40. Rb8+ Kg7 41. Rb7+ Kg6 42. Rb6+ Kh5 43. Nd5 g4 44. Nf4+ Kg5 45. Ne6+ Kh5 46. Ng7+ Kg5 47. hxg4 fxg4 48. Ne6+ Kh4 49. Nf4 g3# 0-1

[Event "Junior Online 4NCL Division 4"]
[Site "online"]
[Date "2021.09.02"]
[EventDate "2021.09.02"]
[Round "2.44"]
[White "Rapally, Meenakshi"]
[WhiteElo "1080"]
[WhiteTeam "Chess Challengers E"]
[Black "Cleanis, Theo"]
[BlackElo "1151"]
[BlackTeam "Desert Penguins Jupiter"]
[Result "0-1"]
[PlyCount "120"]

1. e3 d5 2. Nf3 Nc6 3. d4 e6 4. Nc3 Nf6 5. Bd3 Bd6 6. Bd2 Bd7 7. O-O O-O 8. Re1 Nb4 9. e4 Nxd3 10. cxd3 dxe4 11. dxe4 Be7 12. e5 Nd5 13. g3 Nxc3 14. Bxc3 Bc6 15. Nd2 Qd5 16. f3 Bg5 17. Kf2 Bxd2 18. Bxd2 Qxd4+ 19. Be3 Qxd1 20. Raxd1 h6 21. f4 a6 22. Rc1 Rfd8 23. g4 b6 24. Kg1 Bf3 25. Bf2 Bxg4 26. Bh4 Rdc8 27. Kg2 c5 28. h3 Bh5 29. Kf2 Ra7 30. Ke3 Rd7 31. a3 Kf8 32. Bf2 Rcd8 33. Bh4 Rd3+ 34. Kf2 Rd2+ 35. Kg1 R8d3 36. Rc3 Rxc3 37. bxc3 Rd1 38. Rf1 Rxf1+ 39. Kxf1 Ke8 40. Kf2 Bg6 41. Ke3 Kd7 42. Bf2 Bf5 43. h4 g6 44. Kd2 Kc6 45. Kc1 b5 46. Kb2 c4 47. Bg1 Kd5 48. Be3 a5 49. a4 bxa4 50. Ka3 Bc2 51. Kb2 Bb3 52. Ka3 Ke4 53. Bb6 Kxf4 54. Bc7 g5 55. h5 g4 56. Bd6 g3 57. Bf8 g2 58. Bc5 Kxe5 59. Bd4+ Kf5 60. Bb6 Kg4 0-1

[Event "Junior Online 4NCL Division 4"]
[Site "online"]
[Date "2021.09.02"]
[EventDate "2021.09.02"]
[Round "2.45"]
[White "Ciutac, Stefan"]
[WhiteElo "1080"]
[WhiteTeam "Chess Challengers E"]
[Black "Quillaud, Maxime"]
[BlackElo "1420"]
[BlackTeam "Desert Penguins Jupiter"]
[Result "1-0"]
[PlyCount "87"]

1. c4 e5 2. g3 Nf6 3. Bg2 Bc5 4. Nc3 O-O 5. e3 c6 6. Nge2 Re8 7. d4 exd4 8. exd4 Bb4 9. O-O d5 10. c5 b6 11. a3 Bxc3 12. Nxc3 bxc5 13. dxc5 Qe7 14. Bg5 Qxc5 15. Na4 Qd6 16. Bf4 Qf8 17. Qb3 Ba6 18. Rfc1 Bc4 19. Qb4 Qxb4 20. axb4 Na6 21. Rxc4 dxc4 22. Bxc6 Nxb4 23. Bxe8 Rxe8 24. Nc3 Nc6 25. Be3 Ra8 26. Nb5 a5 27. Nd4 Nxd4 28. Bxd4 a4 29. Kg2 Nd5 30. Rc1 Rc8 31. Ra1 Ra8 32. Rc1 Rc8 33. Ra1 c3 34. bxc3 Nxc3 35. Bxc3 Rxc3 36. Rxa4 g6 37. Ra8+ Kg7 38. Ra2 h5 39. h4 Kf6 40. Kf1 Kf5 41. Ra7 f6 42. Ra5+ Kg4 43. Kg2 Rc6 44. f3# 1-0

[Event "Junior Online 4NCL Division 4"]
[Site "online"]
[Date "2021.09.02"]
[EventDate "2021.09.02"]
[Round "2.46"]
[White "Tengayev, Arman"]
[WhiteElo "1314"]
[WhiteTeam "Desert Penguins Jupiter"]
[Black "Chavan, Aarav"]
[BlackElo "1065"]
[BlackTeam "Chess Challengers E"]
[Result "1-0"]
[PlyCount "71"]

1. d4 d6 2. c4 Nf6 3. Nc3 g6 4. g3 Bg7 5. Bg2 O-O 6. Nf3 b6 7. O-O Bd7 8. e3 Qc8 9. Ng5 Nc6 10. b3 e5 11. dxe5 Nxe5 12. Bxa8 Qxa8 13. Nd5 Nxd5 14. cxd5 c6 15. dxc6 Qxc6 16. Bb2 f6 17. Bxe5 dxe5 18. Nf3 Bg4 19. Kg2 f5 20. h3 Bh5 21. Rc1 Qe4 22. Rc4 Qa8 23. g4 fxg4 24. hxg4 Bxg4 25. Rxg4 h5 26. Rxg6 h4 27. Rh1 Qe4 28. Rg5 h3+ 29. Rxh3 Kf7 30. Kg3 Bf6 31. Rg4 Rg8 32. Rxg8 Kxg8 33. Nh4 Qh7 34. Qg4+ Bg7 35. Qe6+ Kh8 36. Ng6# 1-0

[Event "Junior Online 4NCL Division 4"]
[Site "online"]
[Date "2021.09.02"]
[EventDate "2021.09.02"]
[Round "2.47"]
[White "Moiseev, Mikhail"]
[WhiteElo "1070"]
[WhiteTeam "Chess Challengers E"]
[Black "Dane, James"]
[BlackElo "1248"]
[BlackTeam "Desert Penguins Jupiter"]
[Result "1/2-1/2"]
[PlyCount "41"]

1. e4 c5 2. Nf3 d6 3. Nc3 Nc6 4. d3 e6 5. Be3 Nf6 6. Be2 Be7 7. O-O O-O 8. d4 cxd4 9. Bxd4 Nxd4 10. Qxd4 b6 11. e5 dxe5 12. Qxd8 Rxd8 13. Nxe5 Bb7 14. Rad1 Rac8 15. Rxd8+ Rxd8 16. Bf3 Bxf3 17. Nxf3 h6 18. Nb5 a6 19. Nc7 Rc8 20. Nxa6 Rxc2 21. Rb1 1/2-1/2

[Event "Junior Online 4NCL Division 4"]
[Site "online"]
[Date "2021.09.02"]
[EventDate "2021.09.02"]
[Round "2.48"]
[White "Cleanis, Theo"]
[WhiteElo "1151"]
[WhiteTeam "Desert Penguins Jupiter"]
[Black "Rapally, Meenakshi"]
[BlackElo "1080"]
[BlackTeam "Chess Challengers E"]
[Result "1-0"]
[PlyCount "99"]

1. d4 e6 2. c4 d5 3. cxd5 exd5 4. Nc3 Nf6 5. Bg5 Be7 6. e3 c6 7. Nf3 O-O 8. Be2 h6 9. Bf4 Bd6 10. Bxd6 Qxd6 11. O-O Na6 12. Qd3 c5 13. dxc5 Nxc5 14. Qd2 Bf5 15. Bc4 Be6 16. Bb3 Rad8 17. Nb5 Qb6 18. Nbd4 Bd7 19. Ne5 Bc8 20. Nef3 Nfe4 21. Qc2 a5 22. Nd2 a4 23. Nxe4 axb3 24. Qxc5 Qg6 25. Ng3 bxa2 26. Rxa2 b6 27. Qc2 Qxc2 28. Nxc2 Be6 29. Nd4 Bd7 30. Ra6 b5 31. Rd6 b4 32. h3 Rfe8 33. Re1 g6 34. Rxd5 Re7 35. Nc6 Bxc6 36. Rxd8+ Kg7 37. Rd6 Ba4 38. Rb6 b3 39. Rb4 Ra7 40. Ra1 Rc7 41. Raxa4 Rc1+ 42. Kh2 Rc2 43. Rxb3 Rxf2 44. Rb8 Kf6 45. Ne4+ Kg7 46. Nxf2 Kf6 47. b4 Kg7 48. b5 Kf6 49. b6 Kg7 50. b7 1-0

[Event "Junior Online 4NCL Division 4"]
[Site "online"]
[Date "2021.09.02"]
[EventDate "2021.09.02"]
[Round "2.51"]
[White "Satish, Shiva"]
[WhiteElo "1219"]
[WhiteTeam "Charlton Lions"]
[Black "Lynn, Angelo"]
[BlackElo "900"]
[BlackTeam "Lenzie Dementors"]
[Result "0-1"]
[PlyCount "62"]

1. e4 c6 2. d4 d5 3. exd5 cxd5 4. Nc3 Nc6 5. Nf3 Bg4 6. Be2 Nf6 7. h3 Bf5 8. Bf4 a6 9. a3 e6 10. O-O Be7 11. Nh4 Bg6 12. Nxg6 hxg6 13. Re1 Nh5 14. Bxh5 gxh5 15. Re3 g5 16. Bh2 Bf6 17. Rf3 Nxd4 18. Rd3 Nf5 19. Qf3 Be7 20. Rd2 Bd6 21. Re2 Bxh2+ 22. Kxh2 Qd6+ 23. Kg1 Nd4 24. Qd3 Nxe2+ 25. Qxe2 O-O-O 26. Rd1 Qf4 27. Rd3 Qc4 28. Qe3 g4 29. hxg4 hxg4 30. Nxd5 Rxd5 31. Rc3 Rd1+ 0-1

[Event "Junior Online 4NCL Division 4"]
[Site "online"]
[Date "2021.09.02"]
[EventDate "2021.09.02"]
[Round "2.52"]
[White "Banerjee, Supratit"]
[WhiteElo "623"]
[WhiteTeam "Lenzie Dementors"]
[Black "Thompson, Isaac"]
[BlackElo "1000"]
[BlackTeam "Charlton Lions"]
[Result "1-0"]
[PlyCount "61"]

1. e4 c5 2. Nc3 d6 3. Nf3 Nc6 4. Bb5 Nf6 5. d4 g6 6. d5 Bd7 7. dxc6 bxc6 8. Bc4 Bg7 9. Ng5 O-O 10. O-O e6 11. Be3 d5 12. exd5 cxd5 13. Bxc5 dxc4 14. Bxf8 Bxf8 15. Nge4 Bg7 16. Rb1 Rb8 17. Nc5 a5 18. Qd2 Bf8 19. Nxd7 Nxd7 20. Rbd1 Rb7 21. Rfe1 Bc5 22. Ne4 Bb6 23. Nd6 Rb8 24. Nxc4 Rb7 25. Nxb6 Rxb6 26. Qxd7 Qxd7 27. Rxd7 Rxb2 28. h3 Rxc2 29. Rb1 Rxa2 30. Rbb7 f5 31. Rb8# 1-0

[Event "Junior Online 4NCL Division 4"]
[Site "online"]
[Date "2021.09.02"]
[EventDate "2021.09.02"]
[Round "2.53"]
[White "Sharma, Reyansh"]
[WhiteElo "1000"]
[WhiteTeam "Charlton Lions"]
[Black "Bhatia, Kanishka"]
[BlackElo "530"]
[BlackTeam "Lenzie Dementors"]
[Result "0-1"]
[PlyCount "60"]

1. e4 e5 2. Nf3 Nf6 3. Nxe5 Nc6 4. Nxc6 dxc6 5. e5 Ne4 6. d3 Bc5 7. dxe4 Bxf2+ 8. Ke2 Bg4+ 9. Kxf2 Qxd1 10. Be3 Qxc2+ 11. Kg1 Qxb2 12. Nd2 Qxa1 13. g3 Qe1 14. Bf2 Qxd2 15. Kg2 Qb4 16. Kg1 Qxe4 17. Bg2 Qb1+ 18. Bf1 Be2 19. Kg2 Bxf1+ 20. Rxf1 Qe4+ 21. Kg1 O-O-O 22. Rc1 Qxe5 23. Rf1 Qe2 24. Rc1 Rd1+ 25. Rxd1 Qxd1+ 26. Kg2 Rd8 27. Kh3 Qf1+ 28. Kg4 Qxf2 29. h3 Rd4+ 30. Kh5 Qf5# 0-1

[Event "Junior Online 4NCL Division 4"]
[Site "online"]
[Date "2021.09.02"]
[EventDate "2021.09.02"]
[Round "2.55"]
[White "Lynn, Angelo"]
[WhiteElo "900"]
[WhiteTeam "Lenzie Dementors"]
[Black "Satish, Shiva"]
[BlackElo "1219"]
[BlackTeam "Charlton Lions"]
[Result "1/2-1/2"]
[PlyCount "77"]

1. e4 e5 2. Nf3 Nc6 3. d4 exd4 4. Nxd4 Bc5 5. Be3 Qf6 6. c3 Nge7 7. Bc4 O-O 8. O-O Qg6 9. Nd2 d6 10. Qf3 a6 11. Rfe1 b5 12. Nxc6 Nxc6 13. Bd5 Bb7 14. Bxc5 dxc5 15. c4 bxc4 16. Nxc4 Nd4 17. Qc3 Bxd5 18. Ne5 Qf6 19. exd5 Qd6 20. Nf3 Qxd5 21. Nxd4 Qxd4 22. Rac1 Rab8 23. Qxc5 Qxc5 24. Rxc5 Rxb2 25. a4 Ra2 26. a5 Rc8 27. Rxc7 Ra8 28. Ra7 Rd8 29. Rxa6 h6 30. h3 Rd5 31. Re8+ Kh7 32. Rf8 Rd1+ 33. Kh2 Rxf2 34. Ra7 Rdd2 35. Rfxf7 Rxg2+ 36. Kh1 Rg3 37. Rf1 Rxh3+ 38. Kg1 Rg3+ 39. Kh1 1/2-1/2

[Event "Junior Online 4NCL Division 4"]
[Site "online"]
[Date "2021.09.02"]
[EventDate "2021.09.02"]
[Round "2.56"]
[White "Thompson, Isaac"]
[WhiteElo "1000"]
[WhiteTeam "Charlton Lions"]
[Black "Banerjee, Supratit"]
[BlackElo "623"]
[BlackTeam "Lenzie Dementors"]
[Result "0-1"]
[PlyCount "70"]

1. d4 d5 2. c4 Nf6 3. Nc3 e6 4. Nf3 c6 5. Bg5 Be7 6. e3 h6 7. Bf4 O-O 8. Bd3 Nbd7 9. O-O Nb6 10. c5 Nc4 11. b3 Nb2 12. Qc2 Nxd3 13. Qxd3 b6 14. h3 bxc5 15. dxc5 Bxc5 16. Rac1 a5 17. Nxd5 cxd5 18. Rxc5 Ba6 19. Qd1 Bxf1 20. Qxf1 Ne4 21. Rc1 Qb6 22. Ne5 Rfd8 23. Qd3 Rac8 24. Rd1 Rc3 25. Qe2 Rdc8 26. Qg4 Nf6 27. Qf3 Rc2 28. h4 Rxa2 29. b4 Qxb4 30. Nd3 Qe4 31. Qg3 Nh5 32. Qg4 Nxf4 33. exf4 Rcc2 34. h5 e5 35. fxe5 Qxg4 0-1

[Event "Junior Online 4NCL Division 4"]
[Site "online"]
[Date "2021.09.02"]
[EventDate "2021.09.02"]
[Round "2.57"]
[White "Bhatia, Kanishka"]
[WhiteElo "530"]
[WhiteTeam "Lenzie Dementors"]
[Black "Sharma, Reyansh"]
[BlackElo "1000"]
[BlackTeam "Charlton Lions"]
[Result "1-0"]
[PlyCount "55"]

1. e4 e5 2. Nf3 Nf6 3. Nc3 Nc6 4. Bc4 Bc5 5. d3 d6 6. Nd5 Nxd5 7. Bxd5 Nd4 8. Ng5 O-O 9. Qh5 h6 10. h4 Be6 11. Nxe6 Nxe6 12. Qf5 Nd4 13. Qg4 Nxc2+ 14. Kd1 Nxa1 15. Bxh6 Qf6 16. Bg5 Qg6 17. h5 Qh7 18. Bf6 Kh8 19. Bg5 f6 20. Bd2 Bxf2 21. h6 Rg8 22. hxg7+ Rxg7 23. Rxh7+ Rxh7 24. Qg6 c6 25. Qxf6+ Rg7 26. Bh6 Rg8 27. Bxg8 Kxg8 28. Qxg7# 1-0

[Event "Junior Online 4NCL Division 4"]
[Site "online"]
[Date "2021.09.02"]
[EventDate "2021.09.02"]
[Round "2.61"]
[White "Qiu, Winston"]
[WhiteElo "1240"]
[WhiteTeam "KCS U13C"]
[Black "Jinturkar, Paras"]
[BlackElo "1000"]
[BlackTeam "KEGS C"]
[Result "0-1"]
[PlyCount "138"]

1. c4 e5 2. Nc3 Nc6 3. d3 Nd4 4. e3 Nf5 5. e4 Nd4 6. Be3 Qf6 7. Bxd4 exd4 8. Nd5 Qd6 9. Nf3 c6 10. e5 Qb8 11. Nb4 Bxb4+ 12. Ke2 f6 13. Qb3 Bc5 14. exf6 Nxf6 15. Kd2 Qf4+ 16. Kc2 a5 17. Re1+ Kd8 18. a3 d6 19. Re4 Nxe4 20. dxe4 Qxe4+ 21. Bd3 Qg4 22. Re1 Qxg2 23. Nh4 Qxf2+ 24. Re2 Qxh4 25. Kb1 Rf8 26. Ka2 Qg4 27. Re4 Qf5 28. Re8+ Rxe8 29. Bxf5 Bxf5 30. Qxb7 Rc8 31. Qxg7 d3 32. Qf6+ Re7 33. Qxf5 d2 34. Qd3 Be3 35. c5 d5 36. Kb3 Rb8+ 37. Kc2 Bf4 38. Qf5 Bxh2 39. Qf6 Kd7 40. Kxd2 Be5 41. Qf5+ Ke8 42. Qh5+ Kd8 43. Qg5 Rxb2+ 44. Kd3 Rb3+ 45. Kc2 Rc3+ 46. Kd2 Rxa3 47. Qg8+ Kd7 48. Qg4+ Kc7 49. Qg5 Ra2+ 50. Kd3 Ra3+ 51. Kd2 Bc3+ 52. Kd1 Re1+ 53. Kc2 Re2+ 54. Kd1 Rd2+ 55. Qxd2 Bxd2 56. Kxd2 Rf3 57. Ke2 Rf6 58. Kd3 h5 59. Kd4 h4 60. Ke5 Rf1 61. Ke6 h3 62. Ke5 h2 63. Kd4 h1=R 64. Kd3 Re1 65. Kd2 Re4 66. Kd3 Rh3+ 67. Kc2 Re2+ 68. Kd1 Ra2 69. Kc1 Rh1# 0-1

[Event "Junior Online 4NCL Division 4"]
[Site "online"]
[Date "2021.09.02"]
[EventDate "2021.09.02"]
[Round "2.62"]
[White "Fernandes, Cleon"]
[WhiteElo "1000"]
[WhiteTeam "KEGS C"]
[Black "Buanne, Giulio"]
[BlackElo "1189"]
[BlackTeam "KCS U13C"]
[Result "0-1"]
[PlyCount "80"]

1. e4 c5 2. Nf3 d6 3. Bc4 e6 4. Nc3 a6 5. O-O Be7 6. h3 Nf6 7. d3 b5 8. Bb3 O-O 9. a4 b4 10. Ne2 Nc6 11. e5 Nxe5 12. Nxe5 dxe5 13. Be3 Bd7 14. c3 h6 15. cxb4 cxb4 16. a5 Nd5 17. Bxd5 exd5 18. d4 e4 19. Nf4 Bf5 20. g4 Bc8 21. Qc2 Bb7 22. Ra4 Rc8 23. Qb3 Bc6 24. Raa1 Bd6 25. Rac1 Qd7 26. Rxc6 Rxc6 27. Nxd5 Rcc8 28. Nb6 Qd8 29. Nxc8 Qxc8 30. Qd5 Qe6 31. Qc6 Bh2+ 32. Kxh2 Qxc6 33. d5 Qxd5 34. Rc1 Qxa5 35. Rc5 Qa1 36. Rc1 Qxb2 37. Kg3 Qe5+ 38. Kh4 g5+ 39. Kh5 Qf6 40. h4 Qg6# 0-1

[Event "Junior Online 4NCL Division 4"]
[Site "online"]
[Date "2021.09.02"]
[EventDate "2021.09.02"]
[Round "2.63"]
[White "Kou, Victor"]
[WhiteElo "965"]
[WhiteTeam "KCS U13C"]
[Black "Bennett, Ben"]
[BlackElo "1004"]
[BlackTeam "KEGS C"]
[Result "1-0"]
[PlyCount "135"]

1. d4 d5 2. c4 dxc4 3. e4 Nc6 4. Nf3 Bg4 5. d5 Ne5 6. Be2 Nxf3+ 7. Bxf3 Bxf3 8. Qxf3 c6 9. dxc6 bxc6 10. Nc3 e5 11. Be3 Qa5 12. a3 f6 13. O-O Bd6 14. Rfd1 Qc7 15. Rac1 Ne7 16. Ne2 O-O 17. Rxc4 Rab8 18. b4 Qd7 19. Bc5 Nc8 20. Rc3 Qe6 21. Bxd6 Nxd6 22. Rxc6 Rb6 23. Rxb6 axb6 24. Ng3 f5 25. exf5 Nxf5 26. Nxf5 Rxf5 27. Qa8+ Rf8 28. Qb7 Qb3 29. Qd5+ Qxd5 30. Rxd5 Rc8 31. g3 Rc1+ 32. Kg2 Ra1 33. Rxe5 Rxa3 34. Rb5 Ra6 35. Kf3 g6 36. Ke4 Kf7 37. Kd5 Ra1 38. Rxb6 Rh1 39. Rb7+ Kf6 40. Rxh7 Rb1 41. Kc5 Rc1+ 42. Kb5 Rf1 43. f4 g5 44. fxg5+ Kxg5 45. Kb6 Rf6+ 46. Kc7 Kg6 47. Rd7 Rf2 48. Rd6+ Kf7 49. b5 Rxh2 50. b6 Rc2+ 51. Kd7 Rg2 52. b7 Rb2 53. Kc7 Rc2+ 54. Rc6 Rb2 55. b8=Q Rxb8 56. Kxb8 Ke7 57. Kc7 Kf7 58. Kb6 Kg7 59. Kc5 Kf7 60. Kd5 Kg7 61. Ke5 Kf7 62. g4 Kg7 63. Kf5 Kh7 64. Kg5 Kg7 65. Rc7+ Kg8 66. Kf6 Kh8 67. Kg6 Kg8 68. Rc8# 1-0

[Event "Junior Online 4NCL Division 4"]
[Site "online"]
[Date "2021.09.02"]
[EventDate "2021.09.02"]
[Round "2.64"]
[White "Havis, Adam"]
[WhiteElo "800"]
[WhiteTeam "KEGS C"]
[Black "Hill-Wood, Oliver"]
[BlackElo "936"]
[BlackTeam "KCS U13C"]
[Result "0-1"]
[PlyCount "130"]

1. e4 c5 2. Nf3 g6 3. d4 cxd4 4. Nxd4 Bg7 5. Bc4 Nc6 6. Be3 d6 7. O-O Nf6 8. f3 O-O 9. Nc3 Nxd4 10. Bxd4 Bd7 11. a3 a6 12. Qd3 b5 13. Bb3 a5 14. Nxb5 Bxb5 15. Qxb5 Qd7 16. Qxd7 Nxd7 17. Bxg7 Kxg7 18. Rad1 Nc5 19. Bc4 Rab8 20. b3 Ra8 21. b4 axb4 22. axb4 Nd7 23. b5 Ne5 24. Be2 Rfc8 25. Bd3 Nc4 26. Bxc4 Rxc4 27. Rd2 Rb4 28. Rd5 Rb8 29. c3 R4xb5 30. Rxb5 Rxb5 31. Rc1 Rc5 32. h3 Kf6 33. Kf2 Ke5 34. Ke3 g5 35. g4 h6 36. c4 f6 37. Rc3 Rc8 38. Kd3 Kf4 39. Kd4 Rc5 40. Kd3 Kxf3 41. Kd4+ Kf4 42. Ra3 Re5 43. Re3 Ra5 44. Kd3 Ra3+ 45. Kd4 Rxe3 46. Kd5 Rxe4 47. c5 dxc5 48. Kxc5 e5 49. Kd5 Re1 50. Ke6 e4 51. Kxf6 e3 52. Kg6 e2 53. Kxh6 Rh1 54. Kh5 Rxh3+ 55. Kg6 e1=Q 56. Kf6 Qc3+ 57. Kg6 Qc6+ 58. Kf7 Rh7+ 59. Kg8 Qg6+ 60. Kf8 Rf7+ 61. Ke8 Qe6+ 62. Kd8 Rd7+ 63. Kc8 Qc6+ 64. Kb8 Rb7+ 65. Ka8 Qa6# 0-1

[Event "Junior Online 4NCL Division 4"]
[Site "online"]
[Date "2021.09.02"]
[EventDate "2021.09.02"]
[Round "2.65"]
[White "Jinturkar, Paras"]
[WhiteElo "1000"]
[WhiteTeam "KEGS C"]
[Black "Qiu, Winston"]
[BlackElo "1240"]
[BlackTeam "KCS U13C"]
[Result "1-0"]
[PlyCount "43"]

1. e4 c5 2. Nf3 e6 3. Nc3 Nc6 4. Bc4 g6 5. d3 Bg7 6. O-O a6 7. Bf4 b5 8. Bb3 Nf6 9. e5 Ng4 10. Bg5 Qc7 11. Bf4 Ncxe5 12. Re1 f6 13. d4 cxd4 14. Qxd4 g5 15. Bxe5 fxe5 16. Qxg4 O-O 17. Qxg5 Bb7 18. Nxe5 Rf5 19. Qxf5 Rf8 20. Qg5 h6 21. Qg3 Kh8 22. Ng6+ 1-0

[Event "Junior Online 4NCL Division 4"]
[Site "online"]
[Date "2021.09.02"]
[EventDate "2021.09.02"]
[Round "2.66"]
[White "Buanne, Giulio"]
[WhiteElo "1189"]
[WhiteTeam "KCS U13C"]
[Black "Fernandes, Cleon"]
[BlackElo "1000"]
[BlackTeam "KEGS C"]
[Result "1-0"]
[PlyCount "87"]

1. e4 e5 2. Nf3 Nc6 3. Bc4 h6 4. O-O Nf6 5. Re1 Bc5 6. d3 O-O 7. c3 d6 8. d4 exd4 9. cxd4 Bb4 10. Nc3 Bg4 11. d5 Bxf3 12. Qxf3 Ne5 13. Qe2 Nfg4 14. h3 Nf6 15. a3 Bxc3 16. bxc3 a6 17. Bb3 b5 18. Bf4 g5 19. Bxe5 dxe5 20. Red1 Nd7 21. Qh5 Qf6 22. Rd2 Nc5 23. Bc2 Qg7 24. Rad1 Qh7 25. d6 c6 26. d7 Rfd8 27. Rd6 f6 28. Rxf6 Nxd7 29. Rxh6 Nf6 30. Qxg5+ Kh8 31. Qxf6+ Kg8 32. Rxh7 Kxh7 33. Rxd8 Rxd8 34. Qxd8 Kg6 35. Qe7 c5 36. Qxe5 c4 37. Qf4 a5 38. e5+ Kg7 39. Qf6+ Kg8 40. Bh7+ Kxh7 41. e6 b4 42. e7 b3 43. e8=Q b2 44. Qeh8# 1-0

[Event "Junior Online 4NCL Division 4"]
[Site "online"]
[Date "2021.09.02"]
[EventDate "2021.09.02"]
[Round "2.67"]
[White "Bennett, Ben"]
[WhiteElo "1004"]
[WhiteTeam "KEGS C"]
[Black "Kou, Victor"]
[BlackElo "965"]
[BlackTeam "KCS U13C"]
[Result "1/2-1/2"]
[PlyCount "104"]

1. e4 e5 2. Nf3 Nc6 3. Bc4 Bc5 4. b4 Bxb4 5. c3 Bc5 6. d4 exd4 7. cxd4 Bb6 8. Ng5 Nh6 9. Qb3 Qe7 10. h4 Na5 11. Qc3 Nxc4 12. Qxc4 d6 13. Nc3 Bd7 14. Nd5 Qd8 15. e5 Be6 16. Nxe6 fxe6 17. Nxb6 axb6 18. Qxe6+ Qe7 19. Qxe7+ Kxe7 20. exd6+ Kxd6 21. Bxh6 gxh6 22. O-O Rhe8 23. g3 Rad8 24. f4 Kd5 25. Rad1 Re4 26. f5 Rg8 27. Kh2 Rxd4 28. Rxd4+ Kxd4 29. Rd1+ Ke5 30. Rd7 Kxf5 31. Rxc7 Kf6 32. Rxh7 Rc8 33. Rxh6+ Kg7 34. Rxb6 Rc2+ 35. Kh3 Rxa2 36. Rxb7+ Kf6 37. Rb4 Ra3 38. Rf4+ Ke5 39. Kg4 Ra8 40. Rf5+ Ke6 41. Rg5 Ra4+ 42. Kh3 Kf6 43. Rc5 Ra6 44. g4 Ra3+ 45. Kg2 Ra2+ 46. Kf3 Ra3+ 47. Ke4 Ra4+ 48. Kf3 Ra3+ 49. Kg2 Ra2+ 50. Kg3 Ra3+ 51. Kf4 Ra4+ 52. Kf3 Ra3+ 1/2-1/2

[Event "Junior Online 4NCL Division 4"]
[Site "online"]
[Date "2021.09.02"]
[EventDate "2021.09.02"]
[Round "2.68"]
[White "Hill-Wood, Oliver"]
[WhiteElo "936"]
[WhiteTeam "KCS U13C"]
[Black "Havis, Adam"]
[BlackElo "800"]
[BlackTeam "KEGS C"]
[Result "1-0"]
[PlyCount "115"]

1. e4 e5 2. Nf3 Nc6 3. d4 exd4 4. Nxd4 Nxd4 5. Qxd4 d6 6. e5 Be6 7. exd6 cxd6 8. Bb5+ Bd7 9. Qe4+ Be7 10. Bxd7+ Qxd7 11. Bg5 f6 12. Be3 d5 13. Qd4 O-O-O 14. Nc3 a6 15. Rd1 Qf5 16. Nxd5 Qe5 17. Nxe7+ Nxe7 18. Qc4+ Kb8 19. Rxd8+ Rxd8 20. O-O Qxb2 21. Bf4+ Ka8 22. Qc7 Qd4 23. Qxe7 Rd7 24. Qe8+ Rd8 25. Qe3 Qxe3 26. Bxe3 b5 27. h3 Rc8 28. Rd1 Rxc2 29. Rd7 Rxa2 30. Rxg7 h5 31. Rh7 Ra1+ 32. Kh2 b4 33. Rxh5 a5 34. Bd4 Ra2 35. Bxf6 b3 36. Rb5 Rxf2 37. Rxa5+ Kb7 38. Bd4 Rd2 39. Bc3 Rc2 40. Rb5+ Kc6 41. Rxb3 Kc5 42. Bg7 Kc4 43. Rc3+ Rxc3 44. Bxc3 Kxc3 45. h4 Kd4 46. h5 Ke5 47. h6 Kf6 48. Kg3 Kg6 49. Kg4 Kxh6 50. Kf5 Kh5 51. g4+ Kh6 52. Kf6 Kh7 53. g5 Kh8 54. Kf7 Kh7 55. g6+ Kh8 56. g7+ Kh7 57. g8=Q+ Kh6 58. Qg6# 1-0